000 01010nam a22003617a 4500
001 BR0603894
003 BR-BrBNA
005 20230928102247.0
007 ta
008 230509b bl.||||| |||| 00| 0 por d
040 _aBR-BrBNA
_bpor
_cBiblioteca Nacional de Agricultura
041 _a(Por)
072 _aF01; Q02
_b1190
090 _ 1190 BR0603894
100 1 _aVieira, G.
100 1 _aNeves, A. do C.
110 1 _aUniversidade Federal de Viçosa, MG (Brasil)
245 1 _aAgricultura de montanha; cadeia agroindustrial da lichia
_bSérie manual do produtor, nº 1
260 3 _aViçosa, MG (Brasil):
_c1999.
300 _a15 p.
500 _a14 illus.
650 _aLICHIA
650 _aPRODUÇÃO VEGETAL
650 _aSISTEMA DE CULTIVO
650 _aADUBAÇÃO
650 _aPRAGA DE PLANTA
650 _aDOENÇA DE PLANTA
650 _aCOLHEITA
650 _aCADEIA PRODUTIVA
650 _aTECNOLOGIA DE ALIMENTO
909 _a202309
_bLucia
_c55
_dLucia Elande
942 _cBK
999 _c69897
_d69897